Top 10 the most populous countries in South America - Statistics

General Stats
  • This quiz has been taken 41 times
    35 since last reset
  • The average score is 10 of 10
Answer Stats
Population Answer % Correct
45,376,763 Argentina
100%
11,633,371 Bolivia
100%
212,157,531 Brazil
100%
19,458,310 Chile
100%
50,372,424 Colombia
100%
32,625,948 Peru
100%
28,435,943 Venezuela
100%
7,252,672 Paraguay
97%
3,477,468 Uruguay
94%
17,582,460 Ecuador
91%
No matching quizzes found
Score Distribution
Percent of People with Each Score
Percentile by Number Answered
Your Score History
You have not taken this quiz since the last reset